01338nam a22003374a 4500001001200000003000800012006001900020007001500039008004100054010001700095020001800112020002300130020002200153040002100175035002000196050002300216082002000239245016800259260006500427300002400492504005100516533015200567650002500719655002900744700002000773700002500793700002200818710001700840856012600857999001700983ebr10080992CaPaEBRm u cr cn|||||||||031113s2004 enka sb 001 0 eng  z 2003115352 z9781412932356 z0761973184 (cloth) z0761973192 (pbk.) aCaPaEBRcCaPaEBR a(OCoLC)7077421514aRC440b.A28 2004eb04a616.89/023122200aAcute mental health nursingh[electronic resource] :bfrom acute concerns to the capable practitioner /cedited by Marc Harrison, David Howard and Damian Mitchell. aLondon ;aThousand Oaks, Calif. :bSAGE Publications,c2004. axii, 239 p. :bill. aIncludes bibliographical references and index. aElectronic reproduction.bPalo Alto, Calif. :cebrary,d2013.nAvailable via World Wide Web.nAccess may be limited to ebrary affiliated libraries. 0aPsychiatric nursing. 7aElectronic books.2local1 aHarrison, Marc.1 aHoward, David,cRGN.1 aMitchell, Damian.2 aebrary, Inc.40uhttp://site.ebrary.com/lib/rucke/Doc?id=10080992zAn electronic book accessible through the World Wide Web; click to view c55592d55592